Città più grandi del bacino del Po su una mappa - Statistics

Statistiche generali
  • Questo quiz è stato fatto 66 volte
  • Il punteggio medio è 17 su 21
Risposte nella Mappa
Le risposte nella mappa del quiz sottostante sono codificate secondo una scala di colori dal rosso al verde in base alla % di persone che hanno risposto correttamente.
 
Statistiche sulle risposte
Popolazione Città % Corretto
841 600 Torino
100%
1 354 196 Milano
98%
196 764 Parma
96%
91 059 Alessandria
94%
73 421 Asti
90%
119 534 Bergamo
88%
83 184 Como
88%
121 799 Monza
88%
101 257 Novara
88%
169 545 Reggio Emilia
88%
196 446 Brescia
87%
184 153 Modena
87%
70 636 Pavia
87%
70 637 Cremona
85%
129 340 Ferrara
85%
78 409 Varese
79%
102 465 Piacenza
77%
78 884 Sesto San Giovanni
63%
82 951 Busto Arsizio
60%
71 869 Carpi
56%
74 528 Cinisello Balsamo
56%
Nessun quiz corrispondente trovato
Distribuzione punteggi
Percentuale di utenti per punteggio
Percentile per numero di risposta
I tuoi punteggi nel tempo
Non hai fatto questo quiz